LOTR: Residents of Middle-Earth: Lothlorien - Statistics

General Stats
  • This quiz has been taken 69 times
  • The average score is 7 of 12
Answer Stats
Answer % Correct
Celeborn
100%
Galadriel
100%
Haldir
88%
Arwen
73%
Celebrían
63%
Aragorn
53%
Orophin
45%
Rûmil
45%
Amroth
38%
Nimrodel
38%
Amdir
23%
Mithrellas
13%
No matching quizzes found
Score Distribution
Percent of People with Each Score
Percentile by Number Answered
Your Score History
You have not taken this quiz